Statistics for Groups of Countries (map version) #1

Click here to take the quiz!

General Stats

  • This quiz has been taken 359 times
    (333 since last reset)
  • The average score is 26 of 28

Answers on the Map

Answers color-coded by a green-red scale on the quiz's map according to % correct below.
 

Answer Stats

Answer% Correct
India
98%
Nepal
97%
Pakistan
97%
South Africa
96%
Bangladesh
95%
Niger
95%
Lesotho
94%
Bhutan
93%
Colombia
93%
Nigeria
93%
Venezuela
93%
Namibia
92%
Suriname
92%
Togo
92%
Benin
91%
Croatia
91%
Eswatini
91%
Ghana
91%
Guyana
91%
Albania
90%
Bosnia and Herzegovina
90%
Botswana
90%
Kosovo
89%
North Macedonia
88%
Serbia
88%
Zimbabwe
88%
Burkina Faso
87%
Montenegro
86%

Score Distribution

Percentile by Number Answered

Percent of People with Each Score

Your Score History

You have not taken this quiz since the last reset